Las culturas tradicionales y los cambios técnicos

Sparad:
Bibliografiska uppgifter
Huvudupphovsman: Foster, Gorge M.
Materialtyp: Text
Publicerad: México D.F.: Fondo de la Cultura Económica
Taggar: Lägg till en tagg
Inga taggar, Lägg till första taggen!

MARC

LEADER 00000 a a2200000 04500
001 22679
003
040
090 |a 155500  
100 |a Foster, Gorge M.  
245 |a Las culturas tradicionales y los cambios técnicos  
260 |a México D.F.:   |b Fondo de la Cultura Económica  
300 |a 257 p.  
999 |c 14175  |d 14175